| 000 | 00790nam a22001577a 4500 | ||
|---|---|---|---|
| 003 | OSt | ||
| 005 | 20160323153410.0 | ||
| 008 | 160323b xxu||||| |||| 00| 0 eng d | ||
| 040 | _cRUA | ||
| 082 | _aAGR ONG 2010 B471 Or.1 | ||
| 100 |
_98163 _aONG SOCHEATH ; អុង សុជាតិ |
||
| 245 | _aSclerottium rolfsii disease management by flooding in greenhouse condition , ឥទ្ធិពលនៃការពន្លិចទឹក ក្នុងការកម្ចាត់ផ្សិតក្លែរ៉ូទីញ៉ូម រុស្ស៊ី លើដំណាំសណ្ដែកបាយ នៅក្នុងលក្ខខណ្ឌផ្ទះកញ្ចាក់ | ||
| 260 |
_aPhnom Penh _bRUA _c2010 |
||
| 300 |
_axiii ; 55p. _bill. _c29cm. |
||
| 942 |
_2ddc _cAGR |
||
| 999 |
_c7773 _d7773 |
||